000
00267pab a2200109 454500
008
180718b xxu||||| |||| 00| 0 eng d
100
_a
Sundaram, I.Satya
245
_a
Social Forestry: the missing links
650
_a
Forest
773
_a
Financial Express
909
_a
22633
999
_c
22633
_d
22633